Simple statistics for library and information professionals (Record no. 57476)

MARC details
000 -LEADER
fixed length control field 00732nam a2200193 a 4500
008 - FIXED-LENGTH DATA ELEMENTS--GENERAL INFORMATION
fixed length control field 120416s1997 ||||||||||||||||| || u
020 ## - INTERNATIONAL STANDARD BOOK NUMBER
International Standard Book Number 1856042200
050 ## - LIBRARY OF CONGRESS CALL NUMBER
Classification number Z 711.3 Ste
100 ## - MAIN ENTRY--PERSONAL NAME
Personal name Hornby, Susan
245 10 - TITLE STATEMENT
Title Simple statistics for library and information professionals
250 ## - EDITION STATEMENT
Edition statement 2nd. ed.
260 ## - PUBLICATION, DISTRIBUTION, ETC.
Place of publication, distribution, etc. London
Name of publisher, distributor, etc. Library Association Publishing
Date of publication, distribution, etc. 1997
300 ## - PHYSICAL DESCRIPTION
Extent 229 p.: ill.
350 ## - PRICE (NR) (BK AM CF MU VM SE) [OBSOLETE]
Price 0.00
500 ## - GENERAL NOTE
General note Previous ed.: 1995. -Includes bibliographical references (p. 225-226) and index.
650 ## - SUBJECT ADDED ENTRY--TOPICAL TERM
Topical term or geographic name entry element LIBRARY STATISTICS
700 ## - ADDED ENTRY--PERSONAL NAME
Personal name Stephen, Peter
995 ## - RECOMMENDATION 995 [LOCAL, UNIMARC FRANCE]
-- 0.00
-- CBU-MAIN LIBRARY (Kitwe)
-- 1
-- 330.00
-- 1
-- AVAILABLE
-- Annex Low-Usage Collection
Holdings
Withdrawn status Lost status Source of classification or shelving scheme Damaged status Not for loan Home library Current library Shelving location Date acquired Total Checkouts Full call number Barcode Date last seen Price effective from Koha item type
          CBU-MAIN LIBRARY, KITWE. CBU-MAIN LIBRARY, KITWE.   11/30/2022   Z 711.3 Ste 021758 11/30/2022 11/30/2022 MONOGRAPH